Normal view
MARC view
Entry Personal Name
001 - CONTROL NUMBER
- control field: 543784
003 - CONTROL NUMBER IDENTIFIER
- control field:
005 - DATE AND TIME OF LATEST TRANSACTION
- control field: 20210602173822.0
008 - FIXED-LENGTH DATA ELEMENTS
- fixed length control field: 210602|| aca||aabn | a|a d
040 ## - CATALOGING SOURCE
- Original cataloging agency:
- Transcribing agency:
100 ## - HEADING--PERSONAL NAME
- Personal name: Panigrahi, Bibekananda
670 ## - SOURCE DATA FOUND
- Source citation: Work cat.: (): Das Burma, Chandra Sekhar, 1945- 543782, The cloudy sky /, 1996
